Normal view
MARC view
- Lipinski, Martin E.
Entry Personal Name
001 - CONTROL NUMBER
- control field: 22790
003 - CONTROL NUMBER IDENTIFIER
- control field: NUST
005 - DATE AND TIME OF LATEST TRANSACTION
- control field: 20191003151018.0
008 - FIXED-LENGTH DATA ELEMENTS
- fixed length control field: 191003|| aca||aabn | a|a d
040 ## - CATALOGING SOURCE
- Original cataloging agency: NUST
- Transcribing agency: NUST
100 ## - HEADING--PERSONAL NAME
- Personal name: Lipinski, Martin E.
670 ## - SOURCE DATA FOUND
- Source citation: Work cat.: (NUST)0: Wilson, Eugene M. (Eugene Madison), 1943- 22598, Road safety audits /, c2004.
